| 000 | 00874nab a2200265 4500 | ||
|---|---|---|---|
| 003 | BR-BrBNA | ||
| 005 | 20250626100917.0 | ||
| 008 | 250626b bl.||||| |||| 00| 0 por d | ||
| 040 |
_aBR-BrBNA _bpor |
||
| 072 |
_aF08 ; Q60 ; J15 ; E70 _b9924 |
||
| 100 | _aSavanachi, Eduardo | ||
| 245 |
_aOs novos goles da Ypióca _bAgronegócios |
||
| 500 | _a1 illus. | ||
| 650 | _aAGUARDENTE | ||
| 650 | _aCACHAÇA | ||
| 650 | _aBEBIDA ALCOÓLICA | ||
| 650 | _aCANA DE AÇÚCAR | ||
| 650 | _aPRODUÇÃO ORGÂNICA | ||
| 650 | _aCERTIFICAÇÃO ORGÂNICA | ||
| 650 | _aCONTROLE DE QUALIDADE | ||
| 650 | _aAGREGAÇÃO DE VALOR | ||
| 773 | 0 |
_01706 _9347888 _dSão Paulo-SP Editora Três Ltda - E-mail: luizfsa@revistadinheiro.com.br 2004 _o2025-0387 _tDinheiro Rural (Brazil) _x1807-3700 _gv. 6(61) p. 62; (Nov 2009) _wBR2025003637 |
|
| 942 | _cANA | ||
| 999 |
_c332231 _d332231 |
||